000 00730nam a2200217Ia 4500
008 220705s9999||||xx |||||||||||||| ||und||
020 _a978-3-030-24563-4
020 _a978-3-030-24564-1
040 _cSpringer
041 _aENG
100 _a Kerstin Leder Mackley
100 _a Nikoleta Yiannoutsou
100 _a Sara Price
100 _aCarey Jewitt
245 0 _aInterdisciplinary Insights for Digital Touch Communication
260 _bSpringer International Publishing
_c2020
490 _aHuman–Computer Interaction Series
_x2524-4477
650 _aComputer Science
856 _fhttps://doi.org/10.1007/978-3-030-24564-1
_uhttps://link.springer.com/openurl?genre=book&isbn=978-3-030-24564-1
942 _cEBK
999 _c76660
_d76660